000 00682nam a2200217Ia 4500
003 GCL
008 140319s9999 xx 000 0 ara d
040 _aGCL /
_cGCL
082 0 4 _a100.3
_bل م
100 1 _aاندريه لالاند
245 1 0 _aموسوعة لالاند الفلسفية /
_cاندريه لالاند
250 _aالثانية
260 _aبيروت :
_bمنشورات عويدات ،
_c2001
300 _a3 مج ؛
_c24 سم
650 0 4 _aالفلسفة
650 0 4 _aالفلسفة الحديثة
650 0 4 _aالفلاسفة
650 0 4 _aالفلسفة الغربية
650 0 4 _aالفلسفة - دوائر معارف
942 _2ddc
_cBK
999 _c6454
_d6454